000 00307 a2200145 4500
001 45612
020 _a8570263686
040 _cAnchieta - Aquarius
240 1 0 _aCiência e futuro:
_lpor
245 1 0 _aCiência e futuro:
300 _a
362 0 _a1994
650 4 _aEnciclopédias gerais
942 _cBK
999 _c45612
_d45612